000 00487nam a2200169Ia 4500
008 090711s9999 xx 000 0 und d
082 _b75939
100 _aबेलसरे केशव वि.
245 _aसहज समाधी
260 _c1974
300 _a96
600 _aबेलसरे केशव वि.
630 _aसहज समाधी
700 _aबेलसरे केशव वि.
730 _aसहज समाधी
942 _cBOOK
999 _c283850
_d283850